000
00322nam a2200109Ia 4500
008
160531s9999 xx 000 0 und d
100
_a
Carter, Warwick.
245
_a
Breasts A to Z
245
_c
by Warwick Carter
260
_c
2012
856
_u
http://www.medwords.com.au/Medwords/MW_U_AtoZ_files/Breasts%20A%20to%20Z.pdf
999
_c
295457
_d
295457